00891 2200313 4500001002100000005001500021035002000036007000300056008004100059020002200100040001200122082001400134084001600148090002000164090002100184100002500205245005400230260003900284300003700323650002500360650004400385650003200429850001200461041000800473504003300481999002100514990002100535990002100556INLIS00000000079362820190705013240 a0010-0718000626ta180717 ind  a978-602-5584-06-0 aYOPDYOG04223a371.3 a371.3 TRI a aDEP 371.3 TRI a aCB-D.11 2018-3980 aTri Worosetyaningsih0 aAlat peraga IPS untuk SMP /cTri Worosetyaningsih aYogyakarta :bMedia Akademi,c2018 avi, 48 halaman :bfoto ;c25 cm. 4aMetodik (Pendidikan) 4aSekolah lanjutan pertama--xAlat peraga 4aSosial, Ilmu--xAlat Peraga aYOPDYOG0 aind aBibliografi: halaman [47]-48 aCB-D.11/2018-398 aCB-D.11/2018-398 aCB-D.11/2018-398